Estadística no paramétrica: aplicada a las ciencias de la conducta
Saved in:
| Main Authors: | , |
|---|---|
| Format: | Bog |
| Sprog: | spansk |
| Udgivet: |
Ciudad de México
Trillas
1995
|
| Udgivelse: | 4a. ed |
| Fag: | |
| Tags: |
Tilføj Tag
Ingen Tags, Vær først til at tagge denne postø!
|
MARC
| LEADER | 00000nam a2200000 a 4500 | ||
|---|---|---|---|
| 001 | UCR1074 | ||
| 003 | CL-VaPUC | ||
| 005 | 20231108115307.0 | ||
| 008 | 971212e19950000MX |||||||||||||||||spa|d | ||
| 999 | |c 264568 |d 264566 | ||
| 020 | |a 9682451019 | ||
| 040 | |c Pontificia Universidad Católica de Valparaíso | ||
| 082 | 0 | 4 | |a 519.5 |b SIE |2 21 |
| 100 | 0 | |a Siegel, Sidney |e author |9 397874 | |
| 245 | 1 | 0 | |a Estadística no paramétrica: aplicada a las ciencias de la conducta |
| 250 | |a 4a. ed | ||
| 260 | |a Ciudad de México |b Trillas |c 1995 | ||
| 300 | |a 437 p | ||
| 583 | |a last modification |c 19971212 00:00:00 |k Rodrigo Vera | ||
| 650 | 0 | |a Psicometría |2 CL-VaPUC |9 260694 | |
| 650 | 0 | |a Ciencias sociales |9 256351 | |
| 650 | 0 | |a Modelos matemáticos |9 259437 | |
| 650 | 0 | |a Muestreo (Estadística) |9 270232 | |
| 700 | 0 | |a Castellan, N. John |e author |9 397875 | |
| 942 | |c BK |2 ddc | ||
| 945 | |d 19971212 00:00:00 |a rleighto | ||
| 952 | |0 0 |1 0 |4 0 |6 519_500000000000000_SIE_1995 |7 0 |8 A |9 294854 |a FDOPOS |b FDOPOS |d 2019-11-19 |i 3385248 |o 519.5 SIE 1995 |p 3385248 |r 2025-01-22 |w 2019-11-19 |y BK |k MLA | ||
| 952 | |0 0 |1 0 |2 ddc |4 0 |6 519_500000000000000_SIE_1995 |7 0 |8 R |9 294855 |a BIBGIM |b BIBGIM |d 2019-11-19 |i 3973328 |l 1 |o 519.5 SIE 1995 |p 3973328 |r 2025-01-22 |s 2022-11-18 |w 2019-11-19 |y BK_R |k EST | ||
| 952 | |0 0 |1 0 |4 0 |6 519_500000000000000_SIE_1995 |7 0 |8 R |9 294856 |a BIBGIM |b BIBGIM |d 2019-11-19 |i 3973336 |o 519.5 SIE 1995 |p 3973336 |r 2025-01-15 |w 2019-11-19 |y BK_R |k EST | ||
| 952 | |0 0 |1 0 |4 0 |6 519_500000000000000_SIE_1995 |7 0 |8 R |9 294857 |a BIBGIM |b BIBGIM |d 2019-11-19 |i 3973344 |o 519.5 SIE 1995 |p 3973344 |r 2025-01-15 |w 2019-11-19 |y BK_R |k EST | ||